| 000 -CABECERA |
| Longitud fija campo de control |
00759nam a2200229 a 4500 |
| 001 - NÚMERO DE CONTROL |
| Número de control |
2072 |
| 003 - IDENTIFICADOR DEL NÚMERO DE CONTROL |
| Identificador del número de control |
CDMR |
| 005 - FECHA Y HORA DE LA ÚLTIMA TRANSACCIÓN |
| Fecha y hora de la última transacción |
20131204131627.0 |
| 008 - CÓDIGOS DE INFORMACIÓN DE LONGITUD FIJA |
| Códigos de información de longitud fija |
130130s1979||||||||||||||||||||||||||||d |
| 020 ## - NÚMERO INTERNACIONAL NORMALIZADO PARA LIBROS |
| Número Internacional Normalizado para Libros (ISBN) |
8425505240 |
| 040 ## - FUENTE DE LA CATALOGACIÓN |
| Centro catalogador de origen |
CDMR |
| Lengua de catalogación |
cat |
| Centro transcriptor |
CDMR |
| 100 1# - PUNTO DE ACCESO PRINCIPAL-NOMBRE DE PERSONA |
| Nombre de persona |
Katz, Elihu |
| 9 (RLIN) |
1540 |
| 245 13 - MENCIÓN DE TÍTULO |
| Título |
La influencia personal |
| Resto del título |
: el individuo en el proceso de comunicación de masas |
| Mención de responsabilidad, etc. |
por Elihu Katz y Paul F. Lazarsfeld |
| 260 ## - PUBLICACIÓN, DISTRIBUCIÓN, ETC. (PIE DE IMPRENTA) |
| Lugar de publicación, distribución, etc. |
Barcelona |
| Fecha de publicación, distribución, etc. |
1979 |
| Nombre del editor, distribuidor, etc. |
Hispano Europea |
| 300 ## - DESCRIPCIÓN FÍSICA |
| Extensión |
XXII, 446 p. |
| 490 0# - MENCIÓN DE SERIE |
| Mención de serie |
Biblioteca de Ciencias Sociales |
| 650 04 - PUNTO DE ACCESO ADICIONAL DE MATERIA - TÉRMINO DE MATERIA |
| 9 (RLIN) |
2367 |
| Término de materia o nombre geográfico como elemento inicial |
Comunicació |
| Subdivisión de materia general |
Aspectes psicològics |
| 650 04 - PUNTO DE ACCESO ADICIONAL DE MATERIA - TÉRMINO DE MATERIA |
| 9 (RLIN) |
4446 |
| Término de materia o nombre geográfico como elemento inicial |
Persuasió (Psicologia) |
| 650 04 - PUNTO DE ACCESO ADICIONAL DE MATERIA - TÉRMINO DE MATERIA |
| 9 (RLIN) |
3542 |
| Término de materia o nombre geográfico como elemento inicial |
Mitjans de comunicació de massa |
| Subdivisión de materia general |
Influència |
| 700 1# - PUNTO DE ACCESO ADICIONAL - NOMBRE DE PERSONA |
| 9 (RLIN) |
3881 |
| Nombre de persona |
Lazarsfeld, Paul F. |
| 942 ## - ENTRADA DE ELEMENTOS AGREGADOS (KOHA) |
| Koha [por defecto] tipo de item |
Monografies |
| Fuente de clasificaión o esquema |
|